000 00408nam a22001457a 4500
005 20180801162527.0
010 _aB-162085
020 _a8181160290
_c795.00
035 _aB-162085
100 _aSharma, Anil
245 _aTourism for economic development /
_cby Anil Sharma
260 _aNew Delhi
_bMaxford books
300 _avii, 275p.
_c20 cm (Hb)
942 _2ddc
_cEN
_h338.4791
_mSHA
999 _c155288
_d155288